[Event "Challenge"]
[Site "http://www.queenalice.com/game.php?id=1386761"]
[Date "2015.10.2"]
[Round "-"]
[White "Knighthawk"]
[Black "tucuman"]
[Result "1-0"]
[WhiteElo "1769"]
[BlackElo "1706"]

1. c4 Nc6 2. Qc2 e5 3. e4 d6 4. Nf3 h6 5. Be2 Nf6 6. O-O Be7 7. d3 O-O 8. Be3
Be6 9. Nc3 a6 10. a3 Qd7 11. b4 Na7 12. Bxa7 Rxa7 13. Qd2 Raa8 14. Nd5 Bxd5 15.
cxd5 Nh7 16. Rfc1 b5 17. Rc6 Ng5 18. Nxg5 Bxg5 19. Qc3 Rfc8 20. h3 Bf4 21. Bg4
Qe7 22. Bxc8 Rxc8 23. Rxa6 Rb8 24. Rc6 Rc8 25. a4 bxa4 26. Rxa4 Bg5 27. Ra7 Qf6
28. Rcxc7 Rf8 29. b5 Bh4 30. f3 Qf4 31. Qb2 Qe3+ 32. Kh1 Bg3 33. Qb1 Qf2 34. Ra2
Qe3 35. b6 Qg5 36. b7 Bf4 37. Ra8 Qg3 38. Kg1 Qh2+ 39. Kf2 Qg3+ 40. Kf1 Be3 41.
Qe1 Qh2 42. Rxf8+ Kh7 43. Qxe3 Qh1+ 44. Qg1 Qxg1+ 45. Kxg1 f6 46. b8=Q Kg6 47.
Qe8+ Kg5 48. Rxg7+ Kf4 49. Rxf6+ Ke3 50. Rxd6 Kxd3 51. Qxe5 Ke3 52. Rg3 h5 53.
Qg5+ Kd4 54. Qd2+ Ke5 55. Re6# 1-0

[Event "Challenge"]
[Site "http://www.queenalice.com/game.php?id=1386762"]
[Date "2015.10.2"]
[Round "-"]
[White "Knighthawk"]
[Black "tucuman"]
[Result "1-0"]
[WhiteElo "1755"]
[BlackElo "1716"]

1. e4 e5 2. Bc4 d6 3. Qf3 Qf6 4. Qb3 Nc6 5. Nf3 Nh6 6. d3 Bg4 7. Nbd2 O-O-O 8.
O-O Be6 9. Bxe6+ fxe6 10. a4 g5 11. Nc4 g4 12. Nfd2 Nd4 13. Qa2 Nxc2 14. Rb1 Nb4
15. Qb3 Nc6 16. a5 a6 17. g3 Be7 18. Qa4 Na7 19. b4 Qf8 20. Ba3 Qe8 21. Qb3 Nf7
22. Qd1 h5 23. h4 Nb5 24. Qc1 Kb8 25. Nb3 Qg8 26. Bb2 Bxh4 27. gxh4 g3 28. f3 g2
29. Rf2 Qg3 30. Qe3 Qxh4 31. Rxg2 Rdg8 32. Qe2 Rxg2+ 33. Qxg2 Qf6 34. Kf1 Nh6
35. Ke2 Rg8 36. Qf2 h4 37. Rh1 Rg3 38. Nbd2 Ng4 39. fxg4 Nd4+ 40. Bxd4 Qxf2+ 41.
Bxf2 Rxg4 42. Bxh4 Rg2+ 43. Bf2 Rg8 44. Rh6 Re8 45. Nf3 Ka8 46. Ng5 Kb8 47. Nxe6
Rg8 48. Rh7 c5 49. bxc5 dxc5 50. Nxc5 1-0

[Event "Let's Play Chess!"]
[Site "http://www.queenalice.com/game.php?id=1390756"]
[Date "2015.10.25"]
[Round "-"]
[White "Knighthawk"]
[Black "bgbd1992"]
[Result "0-1"]
[WhiteElo "1780"]
[BlackElo "2272"]

1. e4 c5 2. Bc4 e6 3. Nf3 Nc6 4. O-O a6 5. d3 b5 6. Bb3 Bb7 7. c4 d6 8. Nc3 b4
9. Ne2 Nf6 10. Qc2 Be7 11. Ba4 O-O 12. Bxc6 Bxc6 13. b3 a5 14. a4 d5 15. exd5
exd5 16. Bb2 d4 17. Ne5 Bb7 18. Rae1 Qc7 19. Ng3 Bd6 20. Qe2 Rfe8 21. f4 Nd7 22.
Nf5 Bxe5 23. fxe5 Nxe5 24. Qf2 Nxd3 25. Rxe8+ Rxe8 26. Qd2 Nxb2 27. Qxb2 Qe5 28.
Qb1 Be4 29. Qe1 Bxf5 30. Qf2 Bg6 31. h4 Qe3 32. Qxe3 Rxe3 33. Rb1 Bxb1 0-1

[Event "Let's Play Chess!"]
[Site "http://www.queenalice.com/game.php?id=1390757"]
[Date "2015.10.25"]
[Round "-"]
[White "bgbd1992"]
[Black "Knighthawk"]
[Result "1-0"]
[WhiteElo "2271"]
[BlackElo "1782"]

1. e4 e5 2. Nf3 Nc6 3. Bb5 a6 4. Ba4 d6 5. c3 b5 6. Bc2 Bg4 7. O-O Nf6 8. d3 Be7
9. Re1 O-O 10. Nbd2 Qb8 11. Nf1 h6 12. Ng3 h5 13. h3 Bxf3 14. Qxf3 g6 15. Bh6
Rd8 16. Bb3 Rd7 17. Nxh5 Qd8 18. Nxf6+ Bxf6 19. Bd5 Nd4 20. cxd4 exd4 21. Bxa8
c5 22. Bd5 Be5 23. Qg4 Bg7 24. Bxg7 Kxg7 25. f4 Qf6 26. Qxd7 1-0

[Event "Let's Play Chess!"]
[Site "http://www.queenalice.com/game.php?id=1395325"]
[Date "2015.11.21"]
[Round "-"]
[White "Knighthawk"]
[Black "masam2014"]
[Result "0-1"]
[WhiteElo "1831"]
[BlackElo "1504"]

1. e4 c5 2. Bc4 Nc6 3. Qf3 Nf6 4. Ne2 g6 5. O-O Bg7 6. d3 O-O 7. c3 d6 8. h3 Qc7
9. Bg5 Re8 10. Nd2 Na5 11. Bb5 Bd7 12. Bxd7 Nxd7 13. Nf4 Qb6 14. Rab1 Ne5 15.
Qg3 Qa6 16. Nd5 Qxd3 17. Nxe7+ Rxe7 18. Bxe7 Qxd2 19. Bf6 Bxf6 20. Rfd1 Qg5 21.
Rxd6 Qxg3 22. fxg3 Bg7 23. Rbd1 Nec4 24. R6d5 Ne3 25. Rd8+ Rxd8 26. Rxd8+ Bf8
27. Kf2 Nec4 28. b3 Nb6 29. c4 Kg7 30. h4 Be7 31. Rd3 Kf6 32. Rf3+ Ke6 33. a4 f5
34. exf5+ gxf5 35. Rf4 Ke5 36. Rf3 Kf6 37. g4 Ke5 38. Rxf5+ Kd4 39. Rf7 Bxh4+
40. g3 Bg5 41. Kf3 Nxb3 42. Rxh7 Nxc4 43. Rxb7 Nbd2+ 44. Kg2 Ne3+ 45. Kf2 Nxg4+
46. Ke2 Be3 0-1

[Event "Let's Play Chess!"]
[Site "http://www.queenalice.com/game.php?id=1395327"]
[Date "2015.11.21"]
[Round "-"]
[White "Karpv"]
[Black "Knighthawk"]
[Result "1-0"]
[WhiteElo "2003"]
[BlackElo "1798"]

1. e4 e5 2. Nf3 d6 3. d4 Nc6 4. Bc4 h6 5. dxe5 Nxe5 6. Nxe5 dxe5 7. Bxf7+ Ke7 8.
Qf3 Nf6 9. Bb3 Bg4 10. Qd3 Qxd3 11. cxd3 Rd8 12. f3 Bh5 13. Ke2 Rd6 14. Be3 b6
15. Nc3 Kd8 16. Nb5 Rd7 17. Nxa7 Be8 18. Nc6+ Kc8 19. Be6 g5 20. Nxe5 Kb8 21.
Bxd7 Bxd7 22. Ng6 Rg8 23. Nxf8 Rxf8 24. Rac1 Bb5 25. h4 g4 26. Bxh6 Rf7 27. Bg5
Nh5 28. Ke3 Ng3 29. Rhd1 gxf3 30. gxf3 Nh5 31. b3 Rd7 32. a4 Ba6 33. Rc6 Ng7 34.
d4 Ne6 35. Rxe6 Bb7 36. Rc1 1-0

[Event "Let's Play Chess!"]
[Site "http://www.queenalice.com/game.php?id=1408835"]
[Date "2016.2.12"]
[Round "-"]
[White "Knighthawk"]
[Black "carpio1969"]
[Result "0-1"]
[WhiteElo "1839"]
[BlackElo "1710"]

1. c3 e5 2. Qc2 Nf6 3. e4 d5 4. Bd3 Bc5 5. h3 Nh5 6. Nf3 f6 7. exd5 Qxd5 8. Bxh7
Nc6 9. d3 Nf4 10. Bxf4 Ne7 11. Be4 Qd6 12. Bg3 f5 13. Bxe5 Qg6 14. Bxf5 Bxf5 15.
g4 Bxd3 16. Qd2 Qe4+ 17. Kd1 Qxf3+ 0-1

[Event "Let's Play Chess!"]
[Site "http://www.queenalice.com/game.php?id=1408836"]
[Date "2016.2.12"]
[Round "-"]
[White "carpio1969"]
[Black "Knighthawk"]
[Result "1-0"]
[WhiteElo "1687"]
[BlackElo "1862"]

1. e4 e5 2. Nf3 Nc6 3. d4 Bb4+ 4. c3 Ba5 5. d5 Nce7 6. Nxe5 d6 7. Nxf7 Kxf7 8.
Bb5 a6 9. Qf3+ Nf6 10. Ba4 Rf8 11. Bg5 Bg4 12. Qg3 Qd7 13. Bxd7 1-0

[Event "Let's Play Chess!"]
[Site "http://www.queenalice.com/game.php?id=1414963"]
[Date "2016.3.25"]
[Round "-"]
[White "Knighthawk"]
[Black "ulisses34"]
[Result "0-1"]
[WhiteElo "1810"]
[BlackElo "1681"]

1. e4 e5 2. Nf3 d6 3. Bc4 Be7 4. O-O Bd7 5. d4 exd4 6. Qxd4 Nf6 7. Bg5 c5 8. Qd3
Ng4 9. Bxe7 Qxe7 10. h3 Ne5 11. Nxe5 Qxe5 12. c3 Nc6 13. Qf3 O-O 14. Nd2 Rae8
15. Rfe1 Qg5 16. Qg3 Qxd2 17. b3 Qh6 18. Re3 Re5 19. Rf3 Rg5 20. Qh2 Ne5 21. Rg3
Rxg3 22. Qxg3 Nxc4 23. bxc4 Re8 24. Re1 Re5 25. Re3 Be6 26. f4 Rh5 27. f5 Bxc4
28. Rf3 Qf6 29. a4 Rg5 30. Qf4 Rh5 31. Kh2 Ba6 32. g4 Rh4 33. Qg3 Qh6 34. g5 Qh5
35. Qxd6 h6 36. g6 Rxh3+ 37. Rxh3 Qe2+ 38. Kg3 Qe3+ 39. Kh4 Qxe4+ 40. Kg3 Qe3+
41. Kg4 Be2+ 42. Kh4 Qg5# 0-1

[Event "Let's Play Chess!"]
[Site "http://www.queenalice.com/game.php?id=1414964"]
[Date "2016.3.25"]
[Round "-"]
[White "PimPamPum"]
[Black "Knighthawk"]
[Result "1-0"]
[WhiteElo "1884"]
[BlackElo "1785"]

1. e4 e5 2. Nf3 d6 3. d4 Bd7 4. dxe5 dxe5 5. Nxe5 Bd6 6. Nxd7 Nxd7 7. Nc3 Bb4 8.
Qd4 Bxc3+ 9. Qxc3 f6 10. Bf4 Ne5 11. Bxe5 fxe5 12. Qxe5+ Qe7 13. Qxe7+ Nxe7 14.
O-O-O O-O 15. f3 Rae8 16. Rd7 Nc6 17. Bc4+ Kh8 18. Rxc7 Na5 19. Rd1 Nxc4 20.
Rxc4 Re5 21. Rc7 Ra5 22. a3 b5 23. Rdd7 Rg8 24. Rxa7 Rxa7 25. Rxa7 Rb8 26. b3 h6
27. a4 1-0

[Event "Let's Play Chess!"]
[Site "http://www.queenalice.com/game.php?id=1431908"]
[Date "2016.7.16"]
[Round "-"]
[White "Knighthawk"]
[Black "ulisses34"]
[Result "0-1"]
[WhiteElo "1792"]
[BlackElo "1878"]

1. e4 e5 2. Nf3 d6 3. Bc4 Be7 4. O-O Bd7 5. Nc3 Nc6 6. d3 Nf6 7. Bg5 h6 8. Bh4
Nh7 9. Bxe7 Qxe7 10. a3 Nd4 11. Nxd4 exd4 12. Ne2 c5 13. b4 b6 14. bxc5 dxc5 15.
Ng3 Qg5 16. Qf3 Nf6 17. Rab1 O-O 18. Nf5 Bxf5 19. exf5 Rae8 20. Rfe1 Qd2 21. Rf1
Qxc2 22. Rbe1 Rxe1 23. Rxe1 Re8 24. Rxe8+ Nxe8 25. h3 Qc1+ 26. Kh2 Qg5 27. Qa8
Qe7 28. Bb5 Kf8 29. Bxe8 Qxe8 30. Qxa7 Qe5+ 31. g3 Qxf5 32. Qxb6 Qxf2+ 33. Kh1
Qf1+ 34. Kh2 Qxd3 35. Qxc5+ Kg8 36. a4 Qe2+ 37. Kg1 d3 38. Qc4 Qe1+ 39. Kg2 d2
0-1